00357nam a2200133Ia 4500008004100000041000800041082001800049100002300067245003500090250001400125260004200139300003300181365000900214240624s9999 xx 000 0 und d aeng a332.64524 STA aSTRACHMAN DANIEL A aGETTING STARTED IN HEDGE FUNDS a(3rd ed.) c2011aNew JerseybJohn Wiley and Sons axviii, : 185 : p. : cm. ; 23 cb27